Vývojové trendy a aktuálne problémy na trhu práce v podmienkach Slovenskej republiky
Príspevok opisuje súčasné trendy vo vývoji slovenského trhu práce od prepuknutia súčasnej celosvetovej krízy, t.j. od roku 2008. Poukazuje na neustále rastúcu nezamestnanosť v Slovenskej republike, rozoberá hlavné problémy na slovenskom trhu práce a taktiež predkladá odporúčania na riešenie vzniknut...
Salvato in:
| Autore principale: | |
|---|---|
| Altri autori: | |
| Natura: | Capitolo di libro |
| Lingua: | slovacco |
| Soggetti: | |
| Tags: |
Nessun Tag, puoi essere il primo ad aggiungerne!!
|
MARC
| LEADER | 00000nla a2200000 4500 | ||
|---|---|---|---|
| 001 | 0171908 | ||
| 005 | 20240502072940.0 | ||
| 041 | 0 | |a slo | |
| 044 | |a SK | ||
| 245 | 1 | 0 | |a Vývojové trendy a aktuálne problémy na trhu práce v podmienkach Slovenskej republiky |c Zdenka Poláková, Martina Záhumenská |
| 520 | |a Príspevok opisuje súčasné trendy vo vývoji slovenského trhu práce od prepuknutia súčasnej celosvetovej krízy, t.j. od roku 2008. Poukazuje na neustále rastúcu nezamestnanosť v Slovenskej republike, rozoberá hlavné problémy na slovenskom trhu práce a taktiež predkladá odporúčania na riešenie vzniknutých problémov. | ||
| 610 | 2 | 0 | |a trh práce |
| 610 | 2 | 0 | |a zamestnanosť |
| 610 | 2 | 0 | |a nezamestnanosť |
| 610 | 2 | 0 | |a miera nezamestnanosti |
| 610 | 2 | 0 | |a Slovensko |
| 100 | 1 | |a Poláková, Zdenka | |
| 700 | 1 | |a Záhumenská, Martina | |